New construction techniques and materials (Record no. 414549)

000 -LEADER
fixed length control field 00580cam a22001577a 4500
008 - FIXED-LENGTH DATA ELEMENTS--GENERAL INFORMATION
fixed length control field 180718b1988 xxu||||| |||| 00| 0 eng d
082 ## - DEWEY DECIMAL CLASSIFICATION NUMBER
Classification number X25x54 In2c
100 ## - MAIN ENTRY--PERSONAL NAME
Personal name Bery,Sunil
245 ## - TITLE STATEMENT
Title New construction techniques and materials
Statement of responsibility, etc. Edited by Sunil Bery
260 ## - PUBLICATION, DISTRIBUTION, ETC.
Place of publication, distribution, etc. New Delhi
Name of publisher, distributor, etc. Govt. of India
Date of publication, distribution, etc. 1988
300 ## - PHYSICAL DESCRIPTION
Extent 64p.
650 ## - SUBJECT ADDED ENTRY--TOPICAL TERM
Topical term or geographic name entry element Dams -- Materials -- India -- Congresses
650 ## - SUBJECT ADDED ENTRY--TOPICAL TERM
Topical term or geographic name entry element Dams -- Materials -- Congresses
650 ## - SUBJECT ADDED ENTRY--TOPICAL TERM
Topical term or geographic name entry element Dams -- India -- Design and construction -- Congresses
650 ## - SUBJECT ADDED ENTRY--TOPICAL TERM
Topical term or geographic name entry element Dams -- Design and construction -- Technological innovations -- Congresses
Holdings
Withdrawn status Lost status Damaged status Not for loan Permanent Location Current Location Date acquired Full call number Barcode Date last seen Price effective from Koha item type
        Indian Institute of Public Administration Indian Institute of Public Administration 2009-02-25 X25x54 In2c D2191 2018-07-21 2018-07-21 D

Powered by Koha